| 000 | 00473nam a2200157 a 4500 | ||
|---|---|---|---|
| 001 | 000030624 | ||
| 005 | 20240305090859.0 | ||
| 008 | 110525s1939 dr 000 | spa d | ||
| 040 |
_aDO-SdBNP _bspa _cBNPHU |
||
| 082 |
_axxxx _bV496q |
||
| 100 | 1 |
_aVerges, Pedro, _d1945- _912149 |
|
| 245 | 1 | 0 |
_aQuisqueya primitiva / _cPedro L. Vergés Vidal. |
| 260 |
_aCiudad Trujillo, República Dominicana : _bEditorial La Estrella, _c1939. |
||
| 300 |
_a96 p. ; _c20 cm. |
||
| 049 | _aBNPD | ||
| 999 |
_c30116 _d30116 |
||